Computational Drama Analysis : Reflecting on Methods and Interpretations.

Bibliographic Details
Main Author: Andresen, Melanie.
Other Authors: Reiter, Nils.
Format: eBook
Language:English
Published: Berlin/Boston : Walter de Gruyter GmbH, 2024.
Edition:1st ed.
Subjects:
Online Access:Click to View
LEADER 02206nam a22003733i 4500
001 EBC31465757
003 MiAaPQ
005 20240729202206.0
006 m o d |
007 cr cnu||||||||
008 240729s2024 xx o ||||0 eng d
020 |a 9783111071824  |q (electronic bk.) 
035 |a (MiAaPQ)EBC31465757 
035 |a (Au-PeEL)EBL31465757 
035 |a (OCoLC)1439603702 
040 |a MiAaPQ  |b eng  |e rda  |e pn  |c MiAaPQ  |d MiAaPQ 
082 0 |a 808.20285635 
100 1 |a Andresen, Melanie. 
245 1 0 |a Computational Drama Analysis :  |b Reflecting on Methods and Interpretations. 
250 |a 1st ed. 
264 1 |a Berlin/Boston :  |b Walter de Gruyter GmbH,  |c 2024. 
264 4 |c Ã2024. 
300 |a 1 online resource (230 pages) 
336 |a text  |b txt  |2 rdacontent 
337 |a computer  |b c  |2 rdamedia 
338 |a online resource  |b cr  |2 rdacarrier 
505 0 |a Intro -- Contents -- Introduction -- Detecting Small Worlds in a Corpus of Thousands of Theater Plays -- Exploring Ancient Greek Comedy: Material Engagement Theory and Computational Tools -- Computational Drama Analysis from Almost Zero Electronic Text: the Case of Alsatian Theater -- "Let every word weigh heavy of her worth": Examining How Women Enact Power in Shakespeare's Comedies through Interactive Speech Pattern Visualizations -- Annotation and Automated Classification of Dramatic Situations -- The Schemer in German Drama -- From Stage to Page: Stylistic Variation in Fictional Speech -- Tragic and Comical Networks -- Emotions in Stage Directions in German Drama of the Early Modern Period -- List of Contributors. 
588 |a Description based on publisher supplied metadata and other sources. 
590 |a Electronic reproduction. Ann Arbor, Michigan : ProQuest Ebook Central, 2024. Available via World Wide Web. Access may be limited to ProQuest Ebook Central affiliated libraries.  
655 4 |a Electronic books. 
700 1 |a Reiter, Nils. 
776 0 8 |i Print version:  |a Andresen, Melanie  |t Computational Drama Analysis  |d Berlin/Boston : Walter de Gruyter GmbH,c2024 
797 2 |a ProQuest (Firm) 
856 4 0 |u https://ebookcentral.proquest.com/lib/matrademy/detail.action?docID=31465757  |z Click to View